000 00699nam a2200241Ia 4500
003 OSt
005 20220927105312.0
006 a|||||r|||| 00| 0
007 ta
008 220926b |||||||| |||| 00| 0 eng d
024 _a168364
037 _cReference Collections
040 _aRTL
_cRTL
_beng
041 _2eng
_aeng
082 _a"Y . 2, M3"
100 _aRAY Baren
_9371530
245 0 _aIndia
_bNature of society and present crisis .
260 _aNew
_bdelhi Intellectual book corner
_c1983
300 _a"xii, 203p."
_ccm.
500 _aBibliography :P.189-203; Appendix :P.181-88
942 _h"Y . 2, M3"
_cCC
999 _c691683
_d691683